000 00604nam a22002417a 4500
003 UA-OsUOA
001 27573
007 ta
008 20040907b un ||||| |||| 00| 0 ukr d
100 _aЮткевич Сергей
090 _a791.43
_bЮ92
942 _cBK
040 _aUA-OsUOA
_brus
_cUA-OsUOA
_dUA-OsUOA
245 _aПоэтика режиссуры. Театр и кино
300 _a467 с.
_bІлюстрації
955 _a0
041 _arus
080 _a791.43
260 _aМосква
_bИскусство
_c1986
044 _aRU
650 7 _2UDC
999 _c313920
_d313920